[Event "St Louis Winter B 2018"]
[Site "Saint Louis USA"]
[Date "2018.11.05"]
[Round "1.1"]
[White "Van Foreest, Lucas"]
[Black "Hakobyan, Aram"]
[Result "1-0"]
[WhiteTitle "GM"]
[BlackTitle "GM"]
[WhiteElo "2499"]
[BlackElo "2565"]
[WhiteFideId "1039792"]
[BlackFideId "13306677"]
[EventDate "2018.11.05"]

1. e4 e5 2. Nf3 Nc6 3. Bc4 Bc5 4. O-O d6 5. c3 Nf6 6. d3 a6 7. a4 Ba7 8. Re1 O-O
9. h3 b5 10. Ba2 b4 11. d4 Rb8 12. Be3 bxc3 13. bxc3 exd4 14. cxd4 Nb4 15. Nc3
Nxa2 16. Rxa2 d5 17. Bg5 dxe4 18. Nxe4 Qd5 19. Nxf6+ gxf6 20. Bxf6 Qxa2 21. Qc1
Qb1 22. Qxb1 Rxb1 23. Rxb1 Bb6 24. Re1 a5 25. Re3 h6 26. Ne5 Kh7 27. Nc6 Kg6 28.
Rf3 Bf5 29. Be5 Bd7 30. Ne7+ Kh7 31. Bf6 Re8 32. Rg3 h5 33. Rg7+ Kh6 34. Ng8+
Rxg8 35. Rxg8 Bxa4 36. f4 1-0

[Event "St Louis Winter B 2018"]
[Site "Saint Louis USA"]
[Date "2018.11.05"]
[Round "1.2"]
[White "Kevlishvili, Robby"]
[Black "Benjamin, Joel"]
[Result "1/2-1/2"]
[WhiteTitle "IM"]
[BlackTitle "GM"]
[WhiteElo "2451"]
[BlackElo "2526"]
[WhiteFideId "1040634"]
[BlackFideId "2000091"]
[EventDate "2018.11.05"]

1. e4 e5 2. Nf3 Nc6 3. Bb5 a6 4. Ba4 Nf6 5. O-O Be7 6. Re1 b5 7. Bb3 O-O 8. c3
d6 9. d4 Bg4 10. Be3 Bh5 11. Nbd2 Na5 12. dxe5 dxe5 13. h3 Nxb3 14. axb3 Bd6 15.
b4 Qe7 16. Qc2 Nd7 17. Nh2 f6 18. Nhf1 Bf7 19. Nb3 Qe6 20. Ra3 Rfc8 21. Rea1 Bf8
22. Nc5 Bxc5 23. Bxc5 Qc6 24. Be3 Nf8 25. Nd2 Rd8 26. Nb3 Ne6 27. Na5 Qe8 28.
Nb7 Rdb8 29. Nc5 Nxc5 30. Bxc5 Qc6 31. f3 Rd8 32. Qf2 Be6 33. Kh2 Bc8 34. Qe2
Bb7 35. c4 Qd7 36. cxb5 Qxb5 37. Qc2 Qd7 38. Rc3 Rac8 39. Rc1 Qe6 40. Be3 Rd7
41. Qa4 c6 42. Bb6 h6 43. Rd1 Re8 44. Rxd7 Qxd7 45. Qb3+ Qf7 46. Qxf7+ Kxf7 47.
Rd3 Bc8 48. Kg3 Re7 49. Rd6 Re6 50. Rd8 Re8 51. Rd6 Re6 52. Rd8 Re8 53. Rd6 1/2-1/2

[Event "St Louis Winter B 2018"]
[Site "Saint Louis USA"]
[Date "2018.11.05"]
[Round "1.3"]
[White "Andriasian, Zaven"]
[Black "Perelshteyn, Eugene"]
[Result "1/2-1/2"]
[WhiteTitle "GM"]
[BlackTitle "GM"]
[WhiteElo "2603"]
[BlackElo "2493"]
[WhiteFideId "13302000"]
[BlackFideId "2012529"]
[EventDate "2018.11.05"]

1. e4 c5 2. Nf3 Nc6 3. d4 cxd4 4. Nxd4 g6 5. Nc3 Bg7 6. Be3 Nf6 7. Bc4 Qa5 8.
O-O O-O 9. Bb3 d6 10. h3 Bd7 11. Re1 Rac8 12. Qe2 Nh5 13. Nf5 gxf5 14. Qxh5 f4
15. Qxa5 Nxa5 16. Bxf4 Rxc3 17. bxc3 Bxc3 18. e5 Bxa1 19. Rxa1 dxe5 20. Bxe5
Nxb3 21. axb3 f6 22. Bd4 a6 23. f4 Kf7 24. c3 h5 25. Ra5 Kg6 26. Rc5 Rc8 27. Kf2
Rxc5 28. Bxc5 e5 29. fxe5 fxe5 30. Ke3 Kf5 31. g4+ hxg4 32. hxg4+ 1/2-1/2

[Event "St Louis Winter B 2018"]
[Site "Saint Louis USA"]
[Date "2018.11.05"]
[Round "1.5"]
[White "Theodorou, Nikolas"]
[Black "Mikhalevski, Victor"]
[Result "1/2-1/2"]
[WhiteTitle "IM"]
[BlackTitle "GM"]
[WhiteElo "2539"]
[BlackElo "2574"]
[WhiteFideId "4262875"]
[BlackFideId "2801914"]
[EventDate "2018.11.05"]

1. d4 Nf6 2. c4 g6 3. Nf3 Bg7 4. g3 O-O 5. Bg2 c6 6. O-O d5 7. Qb3 Qb6 8. Nc3
Rd8 9. Bd2 Bf5 10. Na4 Qxb3 11. axb3 Na6 12. Rfc1 h6 13. Ba5 Rdc8 14. Ne5 e6 15.
b4 Bf8 16. b5 cxb5 17. cxb5 Nb4 18. Bxb4 Bxb4 19. Nc5 Bd2 20. Rd1 Bb4 21. Rac1
Rc7 22. Ne4 Ne8 23. Nf6+ Kf8 24. Nxe8 Rxc1 25. Rxc1 Rxe8 26. Ra1 Re7 27. g4 Bc2
28. Rxa7 f6 29. Nf3 g5 30. h3 b6 31. Ra8+ Kf7 32. Rb8 Ra7 33. Rxb6 Ra2 34. Rb7+
Ke8 35. Rb6 Kd7 36. Rb7+ Ke8 37. Rb6 Kd7 38. Rb7+ 1/2-1/2

[Event "St Louis Winter B 2018"]
[Site "Saint Louis USA"]
[Date "2018.11.06"]
[Round "2.2"]
[White "Gareyev, Timur"]
[Black "Theodorou, Nikolas"]
[Result "1/2-1/2"]
[WhiteTitle "GM"]
[BlackTitle "IM"]
[WhiteElo "2584"]
[BlackElo "2539"]
[WhiteFideId "14200937"]
[BlackFideId "4262875"]
[EventDate "2018.11.05"]

1. d4 Nf6 2. c4 g6 3. Nc3 Bg7 4. e4 d6 5. Be2 O-O 6. Nf3 e5 7. Bg5 h6 8. Bh4
exd4 9. Nxd4 g5 10. Bg3 Re8 11. f3 Nc6 12. Bf2 Ne5 13. h4 g4 14. Qd2 a6 15.
O-O-O b5 16. cxb5 axb5 17. Bxb5 Bd7 18. f4 c5 19. Nf5 Nxe4 20. Nxe4 Bxf5 21.
Nxd6 Qb6 22. Qd5 Nd3+ 23. Rxd3 Bxd3 24. Qxf7+ Kh8 25. Nxe8 Bxb2+ 26. Kxb2 Qxb5+
27. Ka1 Qxe8 28. Qd5 Qe4 29. Qxc5 Qc4 30. Qe5+ Kh7 31. Qb2 Rxa2+ 32. Qxa2 Qc3+
33. Qb2 Qa5+ 34. Qa2 Qc3+ 1/2-1/2

[Event "St Louis Winter B 2018"]
[Site "Saint Louis USA"]
[Date "2018.11.06"]
[Round "2.3"]
[White "Perelshteyn, Eugene"]
[Black "Ali Marandi, Cemil Can"]
[Result "1-0"]
[WhiteTitle "GM"]
[BlackTitle "GM"]
[WhiteElo "2493"]
[BlackElo "2552"]
[WhiteFideId "2012529"]
[BlackFideId "6300529"]
[EventDate "2018.11.05"]

1. d4 d5 2. c4 c6 3. cxd5 cxd5 4. Nc3 Nf6 5. Bg5 e6 6. e3 Be7 7. Bd3 Nc6 8. Nf3
Nh5 9. Bxe7 Qxe7 10. O-O Bd7 11. Ne5 Nxe5 12. dxe5 g6 13. Be2 Ng7 14. e4 Bc6 15.
exd5 exd5 16. Bf3 O-O 17. Nxd5 Qxe5 18. Re1 Qxb2 19. Re2 Qb5 20. Nc7 Qa5 21.
Nxa8 Bxf3 22. gxf3 Qg5+ 23. Kh1 Rxa8 24. Qb3 b6 25. Qe3 Qf6 26. Rc1 Re8 27. Qc3
Qf5 28. Rxe8+ Nxe8 29. Qc6 Kf8 30. Qe4 Qb5 31. Qd4 f6 32. Qe3 Qd7 33. Kg2 Kf7
34. Qb3+ Kg7 35. Rd1 Qc6 36. Qd5 Qc2 37. Qd7+ Kh6 38. Qh3+ Kg5 39. f4+ Kxf4 40.
Rd4+ Kg5 41. Rg4+ Kf5 42. Rc4+ 1-0

[Event "St Louis Winter B 2018"]
[Site "Saint Louis USA"]
[Date "2018.11.06"]
[Round "2.4"]
[White "Benjamin, Joel"]
[Black "Andriasian, Zaven"]
[Result "1/2-1/2"]
[WhiteTitle "GM"]
[BlackTitle "GM"]
[WhiteElo "2526"]
[BlackElo "2603"]
[WhiteFideId "2000091"]
[BlackFideId "13302000"]
[EventDate "2018.11.05"]

1. e4 c5 2. Nf3 d6 3. Bb5+ Nc6 4. O-O Bd7 5. Re1 Nf6 6. h3 g6 7. c3 Bg7 8. d4
O-O 9. Bf1 Rc8 10. e5 dxe5 11. d5 Na5 12. Nxe5 b5 13. d6 e6 14. Bg5 h6 15. Bh4
c4 16. Nd2 g5 17. Bg3 Nb7 18. a4 a6 19. axb5 axb5 20. Ne4 Nxe4 21. Rxe4 Bc6 22.
Rd4 Bd5 23. d7 Rc7 24. Rxd5 exd5 25. Qxd5 Bxe5 26. Qxe5 Rxd7 27. Qxb5 Nd6 28.
Qd5 Qe7 29. Rd1 Rfd8 30. Rd4 Ne8 31. Qxc4 Rxd4 32. cxd4 Nd6 33. Qc5 Qe6 34. Qb6
Qe7 35. Bd3 h5 36. h4 gxh4 37. Be5 f6 38. Bf4 Nf7 39. Kh2 Kg7 40. Bc4 Ng5 41.
Bd3 Nf7 42. b4 Nh6 43. f3 Nf7 44. b5 Qd7 45. Be4 h3 46. Qc5 hxg2 47. Kxg2 Qxd4 1/2-1/2

[Event "St Louis Winter B 2018"]
[Site "Saint Louis USA"]
[Date "2018.11.06"]
[Round "2.5"]
[White "Van Foreest, Lucas"]
[Black "Kevlishvili, Robby"]
[Result "1-0"]
[WhiteTitle "GM"]
[BlackTitle "IM"]
[WhiteElo "2499"]
[BlackElo "2451"]
[WhiteFideId "1039792"]
[BlackFideId "1040634"]
[EventDate "2018.11.05"]

1. d4 d5 2. c4 c6 3. Nf3 Nf6 4. cxd5 cxd5 5. Nc3 Nc6 6. Bf4 Nh5 7. Bd2 e6 8. e3
Nf6 9. Bd3 Bd6 10. O-O O-O 11. e4 dxe4 12. Nxe4 Be7 13. Qe2 Bd7 14. Rfd1 Rc8 15.
Rac1 Re8 16. Bb1 Qb6 17. Nxf6+ Bxf6 18. Ne5 Re7 19. Be3 Qd8 20. Ng4 Re8 21.
Nxf6+ Qxf6 22. Qg4 Qe7 23. Qh5 g6 24. Qf3 b6 25. Be4 Na5 26. b3 Rxc1 27. Bxc1 f5
28. Bd3 Bc6 29. Qg3 Bd5 30. h4 Nc6 31. Bb5 Rc8 32. Bh6 Qc7 33. Bf4 Qf7 34. Rc1
h5 35. Qg5 Kh7 36. Qh6+ Kg8 37. Be5 Qh7 38. Qg5 Qf7 39. f3 Kh7 40. Rxc6 Rxc6 41.
Qd8 g5 42. Bxc6 Bxc6 43. Qh8+ Kg6 44. hxg5 Kxg5 45. Bf4+ Kxf4 46. Qh6+ Kg3 47.
Qg5# 1-0

[Event "St Louis Winter B 2018"]
[Site "Saint Louis USA"]
[Date "2018.11.07"]
[Round "3.1"]
[White "Kevlishvili, Robby"]
[Black "Hakobyan, Aram"]
[Result "0-1"]
[WhiteTitle "IM"]
[BlackTitle "GM"]
[WhiteElo "2451"]
[BlackElo "2565"]
[WhiteFideId "1040634"]
[BlackFideId "13306677"]
[EventDate "2018.11.05"]

1. e4 e5 2. Nf3 Nc6 3. Bb5 Nf6 4. O-O Nxe4 5. Re1 Nd6 6. Nxe5 Be7 7. Bf1 Nf5 8.
Nxc6 dxc6 9. d3 O-O 10. Nd2 Re8 11. Nf3 Be6 12. Bf4 Bd6 13. Qd2 Qf6 14. Ne5 h6
15. c3 c5 16. Nc4 Bd5 17. Bxd6 Nxd6 18. Rxe8+ Rxe8 19. Re1 Rd8 20. Qe3 b6 21.
Nxd6 Qxd6 22. a3 Be6 23. h3 a5 24. Qe5 Qxe5 25. Rxe5 g5 26. g3 Kg7 27. Kg2 Kf6
28. Re3 b5 29. f4 b4 30. Re5 c4 31. d4 Bd5+ 32. Kf2 bxa3 33. bxa3 gxf4 34. gxf4
c6 35. Bg2 a4 36. Bxd5 cxd5 37. Ke3 Kg6 38. Re7 Rb8 39. Rd7 Rb3 40. Rd6+ f6 41.
Rxd5 Rxc3+ 42. Ke4 Rxa3 43. Ra5 Ra1 44. d5 a3 45. d6 a2 46. d7 Re1+ 47. Kf3 Rd1
48. h4 Rxd7 49. h5+ Kf7 50. Rxa2 c3 51. Ke2 Ke6 52. Ra5 Rd2+ 53. Ke3 Rd5 54.
Ra6+ Rd6 55. Ra2 Rc6 56. Rc2 Kf5 57. Kf3 Rc8 58. Ke3 Kg4 59. Ke4 Re8+ 60. Kd3
Kxf4 61. Rg2 Re3+ 62. Kc2 Rg3 63. Re2 Kg5 64. Re6 Rf3 65. Re8 Kxh5 0-1

[Event "St Louis Winter B 2018"]
[Site "Saint Louis USA"]
[Date "2018.11.07"]
[Round "3.2"]
[White "Andriasian, Zaven"]
[Black "Van Foreest, Lucas"]
[Result "1/2-1/2"]
[WhiteTitle "GM"]
[BlackTitle "GM"]
[WhiteElo "2603"]
[BlackElo "2499"]
[WhiteFideId "13302000"]
[BlackFideId "1039792"]
[EventDate "2018.11.05"]

1. e4 e5 2. Nf3 Nc6 3. Bc4 Nf6 4. d3 Bc5 5. O-O O-O 6. Nbd2 d6 7. c3 Ne7 8. d4
exd4 9. cxd4 Bb6 10. Bd3 Bg4 11. h3 Bh5 12. Re1 Nc6 13. g4 Bg6 14. d5 Nb4 15.
Bb1 Re8 16. a3 Na6 17. b4 Nb8 18. Bb2 c6 19. Nc4 cxd5 20. Nxb6 axb6 21. exd5
Rxe1+ 22. Qxe1 Na6 23. Bxg6 hxg6 24. Rd1 Nc7 25. Qc3 Qd7 26. Ng5 Re8 27. Qf3 Qe7
28. Kg2 b5 29. h4 Qe2 30. Bxf6 gxf6 31. Qxe2 Rxe2 32. Nf3 Re4 33. Rd4 Re2 34.
Kg3 Kg7 35. Rd3 Re4 36. Rd4 Re2 37. Rd3 Re4 38. Rd4 1/2-1/2

[Event "St Louis Winter B 2018"]
[Site "Saint Louis USA"]
[Date "2018.11.07"]
[Round "3.3"]
[White "Ali Marandi, Cemil Can"]
[Black "Benjamin, Joel"]
[Result "1-0"]
[WhiteTitle "GM"]
[BlackTitle "GM"]
[WhiteElo "2552"]
[BlackElo "2526"]
[WhiteFideId "6300529"]
[BlackFideId "2000091"]
[EventDate "2018.11.05"]

1. d4 Nf6 2. Bf4 d6 3. Nc3 c6 4. e4 Qa5 5. Qe2 e5 6. dxe5 dxe5 7. Bd2 Bg4 8. f3
Be6 9. g4 Nbd7 10. h4 b5 11. Nd5 b4 12. Qa6 Qxa6 13. Nc7+ Kd8 14. Nxe6+ fxe6 15.
Bxa6 Nc5 16. Bc4 a5 17. a3 Rb8 18. axb4 axb4 19. Nh3 Bd6 20. Ra7 Nfd7 21. Ke2 h6
22. g5 Ke7 23. gxh6 gxh6 24. Rg1 Kf6 25. Nf2 h5 26. Bg5+ Kf7 27. Be3 Rb7 28.
Raa1 Be7 29. Bg5 Nb6 30. Bd3 b3 31. Bxe7 Rxe7 32. Rg5 Kf6 33. Rag1 Rhh7 34. f4
Reg7 35. Nh3 Nxd3 36. cxd3 Rxg5 37. hxg5+ Kg6 38. fxe5 Rf7 39. Ke3 1-0

[Event "St Louis Winter B 2018"]
[Site "Saint Louis USA"]
[Date "2018.11.07"]
[Round "3.4"]
[White "Theodorou, Nikolas"]
[Black "Perelshteyn, Eugene"]
[Result "1-0"]
[WhiteTitle "IM"]
[BlackTitle "GM"]
[WhiteElo "2539"]
[BlackElo "2493"]
[WhiteFideId "4262875"]
[BlackFideId "2012529"]
[EventDate "2018.11.05"]

1. d4 Nf6 2. c4 g6 3. Nf3 Bg7 4. g3 O-O 5. Bg2 d6 6. O-O c6 7. Nc3 Qb6 8. c5
dxc5 9. Na4 Qb5 10. Nxc5 Na6 11. a4 Qb6 12. a5 Qb5 13. Nxa6 Qxa6 14. Re1 Bf5 15.
Ne5 Nd7 16. e4 Nxe5 17. exf5 Rad8 18. fxg6 Nxg6 19. Be3 c5 20. d5 Bxb2 21. Rb1
Bc3 22. Re2 Qxa5 23. h4 Bf6 24. h5 Ne5 25. Bf4 Nc4 26. Rxb7 e5 27. Be4 Nd6 28.
Bb1 Qc3 29. Rb3 Qc4 30. Rxe5 Bxe5 31. Bxe5 Rfe8 32. Bf6 Rb8 33. Bd3 Qa4 34. Qd2
Re1+ 35. Kh2 Rxb3 36. Qh6 Nf5 37. Bxf5 1-0

[Event "St Louis Winter B 2018"]
[Site "Saint Louis USA"]
[Date "2018.11.07"]
[Round "3.5"]
[White "Mikhalevski, Victor"]
[Black "Gareyev, Timur"]
[Result "1-0"]
[WhiteTitle "GM"]
[BlackTitle "GM"]
[WhiteElo "2574"]
[BlackElo "2584"]
[WhiteFideId "2801914"]
[BlackFideId "14200937"]
[EventDate "2018.11.05"]

1. d4 Nf6 2. c4 e6 3. Nf3 b6 4. g3 Ba6 5. Qa4 Bb7 6. Bg2 c5 7. dxc5 bxc5 8. O-O
Be7 9. Rd1 O-O 10. Bf4 Qb6 11. Nc3 Rd8 12. Rd2 d6 13. Rad1 a6 14. g4 Ne8 15. Qc2
Nd7 16. g5 Bc6 17. h4 Qb7 18. Bg3 Nf8 19. b3 Ra7 20. Ne1 Qa8 21. f4 g6 22. Bxc6
Qxc6 23. e4 Ng7 24. Ng2 f5 25. Ne3 Rad7 26. Bh2 Kh8 27. Qd3 Re8 28. exf5 gxf5
29. Qe2 Bd8 30. h5 Ba5 31. Rd3 Ree7 32. Na4 Kg8 33. Qg2 Qc8 34. Qf3 e5 35. Nd5
Re6 36. fxe5 dxe5 37. Bxe5 Rxe5 38. Nf6+ Kh8 39. Rxd7 Nxd7 40. Rxd7 f4 1-0

[Event "St Louis Winter B 2018"]
[Site "Saint Louis USA"]
[Date "2018.11.08"]
[Round "4.1"]
[White "Hakobyan, Aram"]
[Black "Gareyev, Timur"]
[Result "0-1"]
[WhiteTitle "GM"]
[BlackTitle "GM"]
[WhiteElo "2565"]
[BlackElo "2584"]
[WhiteFideId "13306677"]
[BlackFideId "14200937"]
[EventDate "2018.11.05"]

1. d4 Nf6 2. c4 g6 3. Nc3 Bg7 4. e4 O-O 5. f3 c5 6. d5 e6 7. Nge2 exd5 8. cxd5
d6 9. Bg5 Re8 10. Qd2 a6 11. a4 Nbd7 12. Ng3 Qa5 13. Ra3 Qb4 14. Be2 Ne5 15. O-O
Nfd7 16. Qc1 Nc4 17. Bxc4 Qxc4 18. Be3 Ne5 19. a5 b5 20. axb6 Rb8 21. Na4 Bd7
22. b3 Qxc1 23. Rxc1 Bxa4 24. Rxa4 Nd3 25. Rc2 Rxb6 26. Nf1 Rxb3 27. Nd2 Rb5 28.
Kf1 Nb4 29. Rc1 Nd3 30. Rc2 f5 31. Ke2 Nb4 32. Rc1 Bb2 33. Rd1 Bd4 34. Nc4 fxe4
35. Bxd4 cxd4 36. Nxd6 exf3+ 37. Kf1 Nxd5 38. Nxe8 Ne3+ 39. Kf2 Nxd1+ 40. Kxf3
Rf5+ 41. Kg3 Nc3 42. Rxa6 d3 43. Nd6 d2 44. Nxf5 d1=Q 0-1

[Event "St Louis Winter B 2018"]
[Site "Saint Louis USA"]
[Date "2018.11.08"]
[Round "4.2"]
[White "Perelshteyn, Eugene"]
[Black "Mikhalevski, Victor"]
[Result "1/2-1/2"]
[WhiteTitle "GM"]
[BlackTitle "GM"]
[WhiteElo "2493"]
[BlackElo "2574"]
[WhiteFideId "2012529"]
[BlackFideId "2801914"]
[EventDate "2018.11.05"]

1. d4 Nf6 2. Nf3 g6 3. Nc3 d5 4. Bf4 Bg7 5. Nb5 Na6 6. e3 O-O 7. h3 Ne4 8. Nd2
c6 9. Nxe4 dxe4 10. Nc3 c5 11. Be5 f6 12. Bh2 Qa5 13. Bc4+ Kh8 14. O-O f5 15.
Be5 Rd8 16. Bxg7+ Kxg7 17. Qe2 cxd4 18. exd4 Rxd4 19. Rad1 Rxd1 20. Rxd1 Nc7 21.
Rd8 Be6 22. Rxa8 Bxc4 23. Qxc4 Nxa8 24. Qd4+ Kg8 25. Qc4+ Kg7 26. Qd4+ Kg8 27.
Qd7 Kf7 28. Qxb7 Nc7 29. Qb3+ Ne6 30. a4 Qc5 31. Qd5 Qb4 32. Qb5 Qd4 33. Qd5 a6
34. a5 e3 35. Qxd4 Nxd4 36. fxe3 Nxc2 37. Nd5 e6 38. Nb6 Nxe3 39. b4 Nc2 40. b5
Nb4 41. bxa6 Nxa6 42. Kf2 e5 43. Nd7 e4 44. Ke3 Ke7 45. Ne5 Kd6 46. Nf7+ Kd5 47.
Ng5 h5 48. g4 Ke5 49. gxf5 gxf5 50. Nf7+ Ke6 51. Ng5+ Ke5 52. Nf7+ Kf6 53. Nd6
Ke6 54. Nc4 Kd5 55. Nb6+ Kc6 56. Nc8 Kd7 57. Nb6+ Kc6 58. Nc8 Kd7 59. Nb6+ Kd6
60. Nc4+ Kc5 61. Ne5 Nb4 62. Kf4 Kb5 63. Kxf5 e3 64. Kg5 e2 65. Nf3 Nc2 66. Kxh5
Kxa5 67. Kg4 Ne3+ 68. Kg3 Kb6 69. Kf2 Nf5 70. Kxe2 Kc5 71. Ng5 Kd6 72. Kf3 Ke5
73. Kg4 Kf6 74. Kf4 Kg6 75. Ne4 Ng7 76. Kg4 Nf5 77. Kf4 Ng7 78. Kg4 1/2-1/2

[Event "St Louis Winter B 2018"]
[Site "Saint Louis USA"]
[Date "2018.11.08"]
[Round "4.3"]
[White "Benjamin, Joel"]
[Black "Theodorou, Nikolas"]
[Result "1-0"]
[WhiteTitle "GM"]
[BlackTitle "IM"]
[WhiteElo "2526"]
[BlackElo "2539"]
[WhiteFideId "2000091"]
[BlackFideId "4262875"]
[EventDate "2018.11.05"]

1. e4 c5 2. c3 d5 3. exd5 Qxd5 4. Nf3 Nf6 5. Na3 a6 6. Be2 e6 7. O-O Be7 8. Nc4
Nbd7 9. d4 cxd4 10. Nxd4 O-O 11. b3 Re8 12. Bf3 Qc5 13. Re1 Nb6 14. Nxe6 Bxe6
15. Be3 Qf5 16. Bxb6 Bxc4 17. bxc4 Bc5 18. Bxc5 Rxe1+ 19. Qxe1 Qxc5 20. Bxb7 Re8
21. Qf1 Qa3 22. Qc1 Qa5 23. Qd2 g6 24. Rd1 Kg7 25. g3 Rb8 26. Bf3 Qa3 27. Qd4 h6
28. c5 Qxa2 29. c6 Qa5 30. Kg2 Rb3 31. Rc1 Rb2 32. h4 Rb5 33. c4 Rc5 34. Rb1 Rf5
35. g4 Qc5 36. Qxc5 Rxc5 37. Rb4 a5 38. Rb5 Rxc4 39. g5 hxg5 40. hxg5 Ng8 41.
Bd5 Rg4+ 42. Kf1 Rxg5 43. c7 Ne7 44. Rxa5 Rh5 45. Rb5 Rh3 46. Bc4 Rc3 47. Rc5
Nc8 48. Ke2 Kf6 49. Kd2 Ra3 50. Rd5 Ra7 51. Rd7 Nb6 52. Rd6+ Kg5 53. Rc6 f5 54.
Bf7 Nc8 55. Bxg6 Ne7 56. Bf7 Ra8 57. Re6 Ra2+ 58. Ke1 Ra1+ 59. Ke2 Ra2+ 60. Kf1
Ra1+ 61. Re1 Rxe1+ 62. Kxe1 Kf6 63. Bd5 1-0

[Event "St Louis Winter B 2018"]
[Site "Saint Louis USA"]
[Date "2018.11.08"]
[Round "4.4"]
[White "Van Foreest, Lucas"]
[Black "Ali Marandi, Cemil Can"]
[Result "1/2-1/2"]
[WhiteTitle "GM"]
[BlackTitle "GM"]
[WhiteElo "2499"]
[BlackElo "2552"]
[WhiteFideId "1039792"]
[BlackFideId "6300529"]
[EventDate "2018.11.05"]

1. e4 e6 2. d4 b6 3. Nc3 Bb7 4. Bd3 Nf6 5. Qe2 Bb4 6. Nf3 d5 7. exd5 Qxd5 8. O-O
Bxc3 9. bxc3 Nbd7 10. Bg5 h6 11. c4 Qd6 12. Bh4 Nh5 13. Be4 Bxe4 14. Qxe4 O-O
15. Ne5 f5 16. Qf3 Nhf6 17. Bg3 Qxd4 18. Rad1 Nxe5 19. Qxa8 Rxa8 20. Rxd4 Nc6
21. Rdd1 e5 22. f4 e4 23. Bh4 Ne8 24. c5 Kf7 25. g4 bxc5 26. Rd5 Nd4 27. gxf5
Nd6 28. Bf2 Re8 29. Bxd4 cxd4 30. Rxd4 Kf6 31. Ra4 e3 32. Kg2 Kxf5 33. Re1 Re4
34. Rxa7 Kxf4 35. Rxc7 Nf5 36. Rf1+ Kg4 37. h3+ Kg5 38. Rc5 g6 39. Kf3 Rh4 40.
Rg1+ Kf6 41. Rc6+ Ke5 42. Rcxg6 Rxh3+ 43. Kg2 Rh4 44. Rb1 Re4 45. Rg8 Rc4 46.
Rb5+ Ke6 47. Re8+ Kd7 48. Ree5 Rxc2+ 49. Kh3 e2 50. Rxe2 1/2-1/2

[Event "St Louis Winter B 2018"]
[Site "Saint Louis USA"]
[Date "2018.11.08"]
[Round "4.5"]
[White "Kevlishvili, Robby"]
[Black "Andriasian, Zaven"]
[Result "0-1"]
[WhiteTitle "IM"]
[BlackTitle "GM"]
[WhiteElo "2451"]
[BlackElo "2603"]
[WhiteFideId "1040634"]
[BlackFideId "13302000"]
[EventDate "2018.11.05"]

1. e4 c5 2. Nf3 d6 3. d4 cxd4 4. Nxd4 Nf6 5. Nc3 a6 6. Be3 Ng4 7. Bg5 h6 8. Bc1
Nf6 9. Bc4 e6 10. Be3 Nc6 11. f4 Qc7 12. Bb3 Be7 13. f5 Nxd4 14. Bxd4 Bd7 15.
Qd3 b5 16. a3 e5 17. Bf2 Bc6 18. Bh4 Nd7 19. Bxe7 Kxe7 20. Qg3 Rhg8 21. O-O-O
Nf6 22. Rd3 Bxe4 23. Nxe4 Nxe4 24. Qh4+ Nf6 25. Rhd1 Rad8 26. g4 a5 27. h3 Qb6
28. Qe1 Rd7 29. Rg3 Rb8 30. c3 b4 31. cxb4 axb4 32. a4 Qc6+ 33. Kb1 Qe4+ 34.
Rgd3 Qxe1 35. Rxe1 Rc7 36. Rg3 Nd7 37. g5 hxg5 38. Rxg5 Nc5 39. Bd5 Kf6 40. Reg1
Rg8 41. h4 e4 42. h5 Rh8 43. a5 e3 44. Rxg7 Rxh5 45. R7g3 Rxf5 46. Bg2 Nb3 47.
a6 Nd2+ 48. Ka2 Ra5# 0-1

[Event "St Louis Winter B 2018"]
[Site "Saint Louis USA"]
[Date "2018.11.09"]
[Round "5.1"]
[White "Andriasian, Zaven"]
[Black "Hakobyan, Aram"]
[Result "1/2-1/2"]
[WhiteTitle "GM"]
[BlackTitle "GM"]
[WhiteElo "2603"]
[BlackElo "2565"]
[WhiteFideId "13302000"]
[BlackFideId "13306677"]
[EventDate "2018.11.05"]

1. e4 e5 2. Nf3 Nc6 3. Bc4 Nf6 4. d3 Bc5 5. O-O d6 6. c3 a6 7. Bb3 Ba7 8. Nbd2
Qe7 9. Nc4 h6 10. Re1 O-O 11. Ne3 Ng4 12. h3 Nxe3 13. Bxe3 Bxe3 14. Rxe3 Qf6 15.
Nh2 Be6 16. Ng4 Qh4 17. Rg3 Na5 18. Bxe6 fxe6 19. Qa4 Nc6 20. Qb3 Nd8 21. Re1
Kh8 22. d4 exd4 23. cxd4 Qe7 24. Nh2 Nc6 25. Nf3 Rab8 26. Rg4 Qf7 27. Qc2 Rbc8
28. Re3 e5 29. dxe5 dxe5 30. Rb3 Rb8 31. Kh2 Kh7 32. Qc5 Qf6 33. Rd3 Rf7 34. Rd5 1/2-1/2

[Event "St Louis Winter B 2018"]
[Site "Saint Louis USA"]
[Date "2018.11.09"]
[Round "5.2"]
[White "Ali Marandi, Cemil Can"]
[Black "Kevlishvili, Robby"]
[Result "0-1"]
[WhiteTitle "GM"]
[BlackTitle "IM"]
[WhiteElo "2552"]
[BlackElo "2451"]
[WhiteFideId "6300529"]
[BlackFideId "1040634"]
[EventDate "2018.11.05"]

1. d4 d5 2. c4 e6 3. Nf3 Nf6 4. Nc3 c6 5. g3 dxc4 6. Bg2 b5 7. O-O Bb7 8. Ne5 a6
9. b3 b4 10. Ne4 Nxe4 11. Bxe4 c3 12. a3 a5 13. axb4 Bxb4 14. Qd3 f5 15. Bf3 O-O
16. Ba3 Nd7 17. Nxc6 Bxc6 18. Bxc6 Rc8 19. Bxb4 axb4 20. Qc4 Qf6 21. Qb5 Rb8 22.
Qa4 Nb6 23. Qxb4 Nd5 24. Qa5 Nb4 25. Bd7 Nc2 26. Qxc3 Nxa1 27. Rxa1 Rbd8 28. Qc7
Qxd4 29. Bxe6+ Kh8 30. Ra4 Qd1+ 31. Kg2 Qxe2 32. Bxf5 Rd1 33. Qc5 Qf1+ 34. Kf3
Qd3+ 35. Kg2 Qf1+ 36. Kf3 Rdd8 37. Rf4 Qh1+ 38. Kg4 Qxh2 39. b4 Rf6 40. b5 Rdf8
41. Qe5 Rh6 42. Kf3 Qh1+ 43. Ke2 Qh5+ 44. g4 Qf7 45. Kf1 Qb3 46. Bc2 Rh1+ 47.
Kg2 Qh3# 0-1

[Event "St Louis Winter B 2018"]
[Site "Saint Louis USA"]
[Date "2018.11.09"]
[Round "5.3"]
[White "Theodorou, Nikolas"]
[Black "Van Foreest, Lucas"]
[Result "1-0"]
[WhiteTitle "IM"]
[BlackTitle "GM"]
[WhiteElo "2539"]
[BlackElo "2499"]
[WhiteFideId "4262875"]
[BlackFideId "1039792"]
[EventDate "2018.11.05"]

1. d4 Nf6 2. c4 e6 3. Nc3 Bb4 4. g3 O-O 5. Bg2 d5 6. Nf3 dxc4 7. O-O Nc6 8. a3
Be7 9. e4 a6 10. Be3 b5 11. Qc2 Bb7 12. Rad1 Na5 13. d5 exd5 14. exd5 Nb3 15.
Ne5 Bc5 16. Bg5 Re8 17. Ng4 Nxg4 18. Bxd8 Raxd8 19. d6 Bxg2 20. dxc7 Rxd1 21.
Rxd1 Bb7 22. Rd8 Rf8 23. Qe4 Bxf2+ 24. Kg2 Bxe4+ 25. Nxe4 Rxd8 26. cxd8=R# 1-0